La problemática acerca de las desigualdades regionales (Registro nro. 26725)
[ vista simple ]
| 000 -LEADER | |
|---|---|
| fixed length control field | 00355 a2200109 4500 |
| 001 - CONTROL NUMBER | |
| control field | ART_13541 |
| 005 - DATE AND TIME OF LATEST TRANSACTION | |
| control field | 20260410161910.0 |
| 008 - FIXED-LENGTH DATA ELEMENTS--GENERAL INFORMATION | |
| fixed length control field | 260409a |
| 100 1# - MAIN ENTRY--PERSONAL NAME | |
| Personal name | Coraggio, José Luis |
| 245 10 - TITLE STATEMENT | |
| Title | La problemática acerca de las desigualdades regionales |
| 773 0# - HOST ITEM ENTRY | |
| Title | Demografía y economía |
| Related parts | - Vol. XII, Nº 35 (mayo/ago. 1978) |
| Record control number | REV13200 |
No hay ítems disponibles.